Les candidats à l'élection présidentielle française - Statistiques

Statistiques générales
  • Ce quiz a été pris 173 fois
  • Le résultat moyen est 71 sur 114
Statistiques - réponses
Année Parti politique Score au premier tour Candidat % Correct
1974 Front National (FN) 0,75% Jean-Marie Le Pen
98%
1988 FN 14,39% Jean-Marie Le Pen
98%
1995 FN 15% Jean-Marie Le Pen
98%
2002 FN 16,86% Jean-Marie Le Pen
98%
2007 FN 10,44% Jean-Marie Le Pen
98%
2012 FN 17,90% Marine Le Pen
98%
2017 FN 21,30% Marine Le Pen
98%
2022 Rassemblement National 24,15% Marine Le Pen
98%
2017 En Marche ! 24,01% Emmanuel Macron
97%
2022 La République En Marche 27,85% Emmanuel Macron
97%
1981 Rassemblement Pour la République (RPR) 18% Jacques Chirac
97%
1988 RPR 19,94% Jacques Chirac
97%
1995 RPR 20,84% Jacques Chirac
97%
2002 RPR 19,88% Jacques Chirac
97%
2012 PS 28,63% François Hollande
96%
2007 Union pour un Mouvement Populaire (UMP) 31,18% Nicolas Sarkozy
96%
2012 UMP 27,18% Nicolas Sarkozy
96%
1974 Fédération Nationale des Républicains et Indépendants 32,60% Valéry Giscard d'Estaing
93%
1981 Union pour la Démocratie Française (UDF) 28,32% Valéry Giscard d'Estaing
93%
1965 Convention des Institutions Républicaines 31,72% François Mitterrand
92%
1974 Parti Socialiste (PS) 43,25% François Mitterrand
92%
1981 PS 25,85 François Mitterrand
92%
1988 PS 34,10% François Mitterrand
92%
2012 Parti de Gauche 11,10% Jean-Luc Mélenchon
92%
2017 La France Insoumise (LFI) 19,58% Jean-Luc Mélenchon
92%
2022 LFI 21,95% Jean-Luc Mélenchon
92%
1965 Union pour la Nouvelle République 44,65% Charles de Gaulle
91%
1969 Union des Démocrates pour la République (UDR) 44,47% Georges Pompidou
91%
2022 Reconquête 7,07% Éric Zemmour
89%
2012 Nouveau Parti Anticapitaliste (NPA) 1,15% Philippe Poutou
89%
2017 NPA 1,09% Philippe Poutou
89%
2022 NPA 0,77% Philippe Poutou
89%
2007 PS 25,87% Ségolène Royal
88%
1995 PS 23,30% Lionel Jospin
87%
2002 PS 16,18% Lionel Jospin
87%
2017 Les Républicains (LR) 20,01% François Fillon
85%
2022 LR 4,78% Valérie Pécresse
85%
2002 UDF 6,84% François Bayrou
84%
2007 UDF 18,57% François Bayrou
84%
2012 Mouvement Démocrate 9,13% François Bayrou
84%
2017 Résistons 1,21% Jean Lassalle
82%
2022 Résistons 3,13% Jean Lassalle
82%
2022 PS 1,75% Anne Hidalgo
79%
2017 PS 6,36% Benoit Hamon
79%
2012 LO 0,56% Nathalie Arthaud
78%
2017 LO 0,64% Nathalie Arthaud
78%
2022 LO 0,56% Nathalie Arthaud
78%
2012 Debout La République 1,79% Nicolas Dupont-Aignan
78%
2017 Debout La France (DLF) 4,70% Nicolas Dupont-Aignan
78%
2022 DLF 2,06% Nicolas Dupont-Aignan
78%
1974 Lutte Ouvrière (LO) 2,33% Arlette Laguiller
77%
1981 LO 2,30% Arlette Laguiller
77%
1988 LO 1,99% Arlette Laguiller
77%
1995 LO 5,30% Arlette Laguiller
77%
2002 LO 5,72% Arlette Laguiller
77%
2007 LO 1,33% Arlette Laguiller
77%
2022 PCF 2,28% Fabien Roussel
75%
2017 Union Populaire Républicaine 0,92% François Asselineau
70%
2012 Europe Écologie Les Verts (EELV) 2,31% Éva Joly
69%
2022 EELV 4,63% Yannick Jadot
69%
2002 LCR 4,25% Olivier Besancenot
67%
2007 LCR 4,08% Olivier Besancenot
67%
1995 Fédération pour une Nouvelle Solidarité (FNS) 0,28% Jacques Cheminade
66%
2012 Solidarité & Progrès (SP) 0,25% Jacques Cheminade
66%
2017 SP 0,18% Jacques Cheminade
66%
1995 RPR 18,58% Édouard Balladur
64%
1981 PCF 15,35% Georges Marchais
58%
1995 PCF 8,64% Robert Hue
56%
2002 PCF 3,37% Robert Hue
56%
2002 Parti Radical de Gauche 2,32% Christiane Taubira
53%
2002 LV 5,25% Noël Mamère
53%
1969 Centre Démocrate 23,31% Alain Poher
52%
1969 Parti Socialiste Unifié (PSU) 3,61% Michel Rocard
52%
1995 Mouvement Pour la France (MPF) 4,74% Philippe de Villiers
51%
2007 MPF 2,23% Philippe de Villiers
51%
1974 UDR 15,11% Jacques Chaban-Delmas
49%
2002 Mouvement Des Citoyens 5,33% Jean-Pierre Chevènement
48%
1988 UDF 16,55% Raymond Barre
47%
1965 Comités Tixier-Vignancour 5,20% Jean-Louis Tixier-Vignancour
44%
1981 Dissident RPR 1,66% Michel Debré
43%
2007 Divers gauche 1,32% José Bové
41%
2002 Mouvement National Républicain 2,34% Bruno Mégret
38%
2007 PCF 1,93% Marie-George Buffet
38%
1995 LV 3,32% Dominique Voynet
34%
2007 LV 1,57% Dominique Voynet
34%
1969 Ligue Communiste 1,02 Alain Krivine
31%
1974 Ligue Communiste Révolutionnaire (LCR) 0,37% Alain Krivine
31%
1988 PCF 6,76% André Lajoinie
31%
1974 Écologiste 1,32% René Dumont
29%
2002 Cap21 1,88% Corinne Lepage
27%
1969 Parti Communiste Français (PCF) 21,27% Jacques Duclos
27%
2002 Chasse Pêche Nature et Traditions (CPNT) 4,23% Jean Saint-Josse
27%
1969 Section Française de l'Internationale Ouvrière 5,01% Gaston Defferre
26%
2002 Démocratie Libérale 3,91% Alain Madelin
25%
2002 Forum des Républicains Sociaux 1,19% Christine Boutin
25%
1965 Mouvement Républicain Populaire 15,57% Jean Lecanuet
25%
2007 CPNT 1,15% Frédéric Nihous
23%
1988 Les Verts (LV) 3,78% Antoine Waechter
22%
2007 PT 0,34% Gérard Schivardi
22%
1981 Dissident RPR 1,33% Marie-France Garraud
20%
1981 Écologistes 3,88% Brice Lalonde
19%
2002 Parti des Travailleurs (PT) 0,47% Daniel Gluckstein
18%
1981 PSU 1,11% Huguette Bouchardeau
13%
1965 Indépendant 1,15% Marcel Barbu
11%
1988 PSU-LCR 2,10% Pierre Juquin
10%
1974 Divers droite 3,17% Jean Royer
9%
1981 Mouvement Radical de Gauche 2,21% Michel Crépeau
8%
1965 Parti Libéral Européen 1,71% Pierre Marcilhacy
8%
1988 Mouvement Pour un Parti de Travailleurs (MPPT) 0,38% Pierre Boussel
7%
1974 Nouvelle Action Française 0,17% Bertrand Renouvin
5%
1974 Parti Fédéraliste Européen 0,08% Guy Héraud
5%
1974 Mouvement Fédéraliste Européen 0,16% Jean-Claude Sebag
5%
1969 Divers gauche 1,27% Louis Ducatel
5%
1974 Mouvement Démocrate Socialiste de France 0,69% Émile Muller
3%
Aucun quiz correspondant
Distribution des résultats
% des personnes avec chaque résultat
Percentile par nombre de réponses
Votre historique - résultats
Vous n’avez pas pris ce quiz